| 000 | nam a22 a 4500 | ||
|---|---|---|---|
| 999 |
_c211847 _d211847 |
||
| 003 | BLK | ||
| 005 | 20230119135611.0 | ||
| 008 | 180413b bul rap|r|||| r0| ||bulo| | ||
| 020 |
_a978-954-491-827-9 _qподв. със спирала |
||
| 040 | _aBLK | ||
| 041 |
_aENG _cENG |
||
| 080 |
_aИздания за деца и юноши. Книжки-картинки. Читанки. Вж и 372.4 _b087.5 _z087.5 |
||
| 139 |
_aMitrani, Ada Leon _bM 76 |
||
| 245 | 1 | 0 |
_aАBC Book for the Very Young _cрис. Ada Leon Mitrani. |
| 257 | _aBGR | ||
| 260 |
_bЖанет 45 _c2012 _aПловдив |
||
| 300 |
_a64 с. _bс ил. _c27 см |
||
| 380 | _aDN | ||
| 500 | _aИмето на ил. отбелязано на гърба на загл. с. | ||
| 650 | 4 |
_aАнглийски език - за деца - учебни помагала _9248537 |
|
| 653 | _aанглийски език | ||
| 653 | _aписане | ||
| 653 | _aкнижки за оцветяване | ||
| 700 | 1 |
_aMitrani, Ada Leon _eрис. _9352977 |
|
| 852 |
_aЦб ІІ 28067 _bЦб |
||
| 856 | 4 |
_qpdf _u _i0.00 _ldisable |
|
| 856 | 4 |
_qpdf _u _i0.00 _ldisable |
|
| 942 |
_cKNG _n0 _s1 |
||
| 944 |
_aCR _c15.09.2016 _lф / _kВиолета_Тройчева |
||
| 944 |
_aED _c06.01.2018 _lф / _kВиолета_Тройчева |
||
| 999 | _d211847 | ||
| 999 | _d211847 | ||
| 999 | _d211847 | ||
| 999 | _d211847 | ||